000 00462nam a2200169 i 4500
001 42752
003 ES-MaACL
005 20230906160655.0
007 t|
008 030313s1969 sp |||| | spa d
100 1 _aCerdán Tato, Enrique.
_937471
245 1 3 _aEl tiempo prometido /
_cEnrique Cerdán Tato.
250 _a1ª ed.
260 _aBilbao :
_bComunicación Literaria de Autores,
_c1969.
300 _a135 p. ;
_c19 cm.
852 _aES-MaACL
_jC-51003
999 _c42752
_d42752